La plus grande ville commençant par V dans ce pays - Statistiques

Statistiques générales
  • Ce quiz a été pris 312 fois
    234 depuis la dernière actualisation
  • Le résultat moyen est 9 sur 15
Statistiques - réponses
Pays V-ville % Correct
Autriche Vienne
93%
Espagne Valence
90%
Lituanie Vilnius
90%
Turquie Van
88%
Pologne Varsovie
87%
Italie Venise
87%
Canada Vancouver
85%
Laos Vientiane
81%
Chili Valparaiso
51%
France Villeurbanne
47%
Bulgarie Varna
36%
Venezuela Valencia
17%
États-Unis Virginia Beach
16%
Russie Voronej
13%
Albanie Vlore
9%
Aucun quiz correspondant
Distribution des résultats
% des personnes avec chaque résultat
Percentile par nombre de réponses
Votre historique - résultats
Vous n’avez pas pris ce quiz depuis la dernière actualisation